| 000 | 00794nam a22002535a 4500 | ||
|---|---|---|---|
| 005 | 20160314144248.0 | ||
| 008 | 160314r20082007ii a fr 001 0 eng d | ||
| 020 | _a9788185790268 | ||
| 040 |
_aEG-ScBUE _beng _cEG-ScBUE |
||
| 082 | 0 | 4 |
_a615.1 _bYAD _222 |
| 100 | 1 |
_aYadav, A. V. _939548 |
|
| 245 | 1 | 2 |
_aA textbook of hospital and clinical pharmacy / _cA. V. Yadav, B. V. Yadav. |
| 246 | 3 | 0 | _aHospital and clinical pharmacy |
| 250 | _a15th ed. Reprinted ed. | ||
| 260 |
_aShivajinagar : _bNirali Prakashan, _c2008. |
||
| 300 |
_a267 p. : _bill. ; _c21 cm. |
||
| 500 | _aIndex : p. [268]-269. | ||
| 650 | 0 |
_aHospital pharmacies. _2BUEsh |
|
| 650 | 7 |
_aClinical pharmacology. _2BUEsh _938454 |
|
| 651 | _2BUEsh | ||
| 653 |
_bPPhrm _cMarch2016 |
||
| 700 | 1 |
_aYadav, B. V. _939549 |
|
| 942 | _2ddc | ||
| 999 |
_c21407 _d21379 |
||